Covenant to carry on a business (Record no. 9678)

MARC details
000 -LEADER
fixed length control field 01578cab a2200385 4500
001 - CONTROL NUMBER
control field ABS55208
008 - FIXED-LENGTH DATA ELEMENTS--GENERAL INFORMATION
fixed length control field 090401t1996 xxu||||| |||| 00| 0 eng d
035 ## - SYSTEM CONTROL NUMBER
System control number (Sirsi) u14823
041 ## - LANGUAGE CODE
Language code of text/sound track or separate title eng
100 ## - MAIN ENTRY--PERSONAL NAME
Personal name Wilkinson, H.
245 ## - TITLE STATEMENT
Title Covenant to carry on a business
260 ## - PUBLICATION, DISTRIBUTION, ETC.
Date of publication, distribution, etc. 1996
350 ## - PRICE (NR) (BK AM CF MU VM SE) [OBSOLETE]
Price 0
490 ## - SERIES STATEMENT
Series statement New Law Journal
Volume/sequential designation 146(6745) 24 May 1996, 757-758(2)
520 ## - SUMMARY, ETC.
Summary, etc. Examines the courts` approach in a case of non-compliance with terms of lease. Considers "Co-operative Insurance Society Ltd v Argyll Stores (Holdings) Ltd" in which a supermarket was closed despite a lease obligation to keep the premises open for retail. Comments on similar cases.
650 ## - SUBJECT ADDED ENTRY--TOPICAL TERM
Topical term or geographic name entry element BOOTS THE CHEMISTS LTD V PINKLAND LTD
650 ## - SUBJECT ADDED ENTRY--TOPICAL TERM
Topical term or geographic name entry element BRADDON TOWERS LTD V INTERNATIONAL STORES LTD
650 ## - SUBJECT ADDED ENTRY--TOPICAL TERM
Topical term or geographic name entry element BREACH OF COVENANTS
650 ## - SUBJECT ADDED ENTRY--TOPICAL TERM
Topical term or geographic name entry element CO-OPERATIVE INSURANCE SOCIETY LTD V ARGYLL STORES (HOLDINGS) LTD
650 ## - SUBJECT ADDED ENTRY--TOPICAL TERM
Topical term or geographic name entry element COSTAIN PROPERTY DEVELOPMENTS LTD V FINLAY & CO LTD
650 ## - SUBJECT ADDED ENTRY--TOPICAL TERM
Topical term or geographic name entry element DOWTY BOULTON PAUL LTD V WOLVERHAMPTON CORPORATION
650 ## - SUBJECT ADDED ENTRY--TOPICAL TERM
Topical term or geographic name entry element GRAVESHAM BC V BRITISH RAILWAYS BOARD
650 ## - SUBJECT ADDED ENTRY--TOPICAL TERM
Topical term or geographic name entry element HILLSBOROUGH SHOPPING CENTRE
650 ## - SUBJECT ADDED ENTRY--TOPICAL TERM
Topical term or geographic name entry element HOOPER V BRODRICK
650 ## - SUBJECT ADDED ENTRY--TOPICAL TERM
Topical term or geographic name entry element LEASES
650 ## - SUBJECT ADDED ENTRY--TOPICAL TERM
Topical term or geographic name entry element LORD ABINGER V ASHTON
650 ## - SUBJECT ADDED ENTRY--TOPICAL TERM
Topical term or geographic name entry element POWELL DUFFRYN STEAM CO V TAFF VALE RAILWAY CO
650 ## - SUBJECT ADDED ENTRY--TOPICAL TERM
Topical term or geographic name entry element REDLAND BRICKS LTD V MORRIS
650 ## - SUBJECT ADDED ENTRY--TOPICAL TERM
Topical term or geographic name entry element RETAIL PARKS INVESTMENTS V ROYAL BANK OF SCOTLAND
650 ## - SUBJECT ADDED ENTRY--TOPICAL TERM
Topical term or geographic name entry element SAFEWAY
650 ## - SUBJECT ADDED ENTRY--TOPICAL TERM
Topical term or geographic name entry element TRANSWORLD LAND CO LTD V J SAINSBURY PLC
690 ## - LOCAL SUBJECT ADDED ENTRY--TOPICAL TERM (OCLC, RLIN)
Topical term or geographic name as entry element LANDLORD AND TENANT-BUSINESS TENANCIES
942 ## - ADDED ENTRY ELEMENTS (KOHA)
Suppress in OPAC 0
948 ## - LOCAL PROCESSING INFORMATION (OCLC); SERIES PART DESIGNATOR (RLIN)
c (OCLC) 04/03/1997
Holdings
Withdrawn status Lost status Source of classification or shelving scheme Damaged status Not for loan Home library Current library Shelving location Date acquired Total Checkouts Full call number Barcode Date last seen Copy number Price effective from Koha item type
    Dewey Decimal Classification     London London Journal article 14/09/1999   ABS55208 14823-1001 06/08/2019 1 06/08/2019 Journal article